Crib sheet (Record no. 76168)

MARC details
000 -LEADER
fixed length control field 01050cab a2200205 4500
001 - CONTROL NUMBER
control field ##L131564
008 - FIXED-LENGTH DATA ELEMENTS--GENERAL INFORMATION
fixed length control field 051116n2005 000 0 eng u
035 ## - SYSTEM CONTROL NUMBER
System control number (Sirsi) u131564
041 0# - LANGUAGE CODE
Language code of text/sound track or separate title eng
100 1# - MAIN ENTRY--PERSONAL NAME
Personal name Thompson, Max
245 00 - TITLE STATEMENT
Title Crib sheet
Remainder of title the JCT
260 ## - PUBLICATION, DISTRIBUTION, ETC.
Date of publication, distribution, etc. 2005
490 #0 - SERIES STATEMENT
Series statement QS Week
Volume/sequential designation (29) 9 November 2005, 10-11(2)
520 ## - SUMMARY, ETC.
Summary, etc. An overview of the suite of JCT contracts. Argues that the new version introduced in 2005 is partly a response to rivals such as the NEC and ECC, which are seen by the industry as being more modern and written in plainer language. The new JCT has three fresh sections, dealing with articles of agreement, conditions of contract, and schedules. It is, however, described by one critic as constituting a makeover rather than a radical change.
590 ## - LOCAL NOTE (RLIN)
Local note IKA221105
650 24 - SUBJECT ADDED ENTRY--TOPICAL TERM
Topical term or geographic name entry element JCT STANDARD BUILDING CONTRACT (2005 EDITION)
651 #4 - SUBJECT ADDED ENTRY--GEOGRAPHIC NAME
Geographic name United Kingdom
Chronological subdivision
690 ## - LOCAL SUBJECT ADDED ENTRY--TOPICAL TERM (OCLC, RLIN)
Topical term or geographic name as entry element BUILT ENVIRONMENT-BUILDING CONTRACT FORMS-STANDARD FORMS OF BUILDING CONTRACT-JOINT CONTRACTS TRIBUNAL CONTRACTS
942 ## - ADDED ENTRY ELEMENTS (KOHA)
Suppress in OPAC 0
Holdings
Withdrawn status Lost status Source of classification or shelving scheme Damaged status Not for loan Home library Current library Shelving location Date acquired Total Checkouts Full call number Barcode Date last seen Copy number Price effective from Koha item type
    Dewey Decimal Classification     London London Journal article 16/11/2005   L131564 131564-1001 06/08/2019 1 06/08/2019 Journal article